书目信息 |
| 题名: |
现代攻击舰和小型武装舰船
|
|
| 作者: | 查恩特 著 ;张国良 , 史强 , 汪宏海 译 | |
| 分册: | ||
| 出版信息: | 北京 中国市场出版社 2010 |
|
| 页数: | 247页 | |
| 开本: | 24cm | |
| 丛书名: | ||
| 单 册: | ||
| 中图分类: | E153 | |
| 科图分类: | ||
| 主题词: | 军用船--介绍--世界 | |
| 电子资源: | ||
| ISBN: | 978-7-5092-0694-2 | |
| 000 | 01078nam0 22002771 45 | |
| 001 | 1237610263 | |
| 005 | 20120618090706.84 | |
| 010 | @a978-7-5092-0694-2@dCNY49.80 | |
| 100 | @a20110414d2010 em y0chiy50 ea | |
| 101 | 1 | @achi@ceng |
| 102 | @aCN@b110000 | |
| 105 | @aa z 000yy | |
| 106 | @ar | |
| 200 | 1 | @a现代攻击舰和小型武装舰船@AXian Dai Gong Ji Jian He Xiao Xing Wu Zhuang Jian Chuan@f(英)克里斯·查恩特著@F( Ying ) Ke Li Si· Cha En Te Zhu@g张国良,史强,汪宏海译 |
| 210 | @a北京@c中国市场出版社@d2010 | |
| 215 | @a247页@c图@d24cm | |
| 312 | @a封面英文题名:Warships today | |
| 330 | @a本书囊括了当今世界最经典的各级攻击舰、导弹艇、巡逻艇、水雷战舰艇、间谍船,全面讲述了它们的设计方案和发展历史,还列举出了包括舰体尺寸、推进系统、武器装备在内的各种技术规格。 | |
| 606 | 0 | @a军用船@x介绍@y世界 |
| 690 | @aE153@v4 | |
| 701 | 0 | @c(英)@a查恩特@ACha En Te@f(Chant, C.)@4著 |
| 702 | 0 | @a张国良@AZhang Guo Liang@4译 |
| 702 | 0 | @a史强@AShi Qiang@4译 |
| 702 | 0 | @a汪宏海@AWang Hong Hai@4译 |
| 801 | 0 | @aCN@bTSTCL@c20120604 |
| 905 | @b0817295-98@dE153@e55@f4 | |
| 现代攻击舰和小型武装舰船/(英)克里斯·查恩特著/张国良,史强,汪宏海译.-北京:中国市场出版社,2010 |
| 247页:图;24cm |
| ISBN 978-7-5092-0694-2:CNY49.80 |
| 本书囊括了当今世界最经典的各级攻击舰、导弹艇、巡逻艇、水雷战舰艇、间谍船,全面讲述了它们的设计方案和发展历史,还列举出了包括舰体尺寸、推进系统、武器装备在内的各种技术规格。 |
| ● |
| 相关链接 |
|
|
|
|
正题名:现代攻击舰和小型武装舰船
索取号:E153/55
 
预约/预借
| 序号 | 登录号 | 条形码 | 馆藏地/架位号 | 状态 | 备注 |
| 1 | 0817295 | 208172957 | 第一样本阅览室/ [索取号:E153/55] | 在馆 | |
| 2 | 0817296 | 208172966 | 第一借阅区/ [索取号:E153/55] | 在馆 | |
| 3 | 0817297 | 208172975 | 第一借阅区/ [索取号:E153/55] | 在馆 | |
| 4 | 0817298 | 208172984 | 第一借阅区/ [索取号:E153/55] | 在馆 |